Catálogo

Vista normal Vista MARC

Entrada Personal Name

Número de registros utilizados en: 1

001 - CONTROL NUMBER

  • control field: 9165

003 - CONTROL NUMBER IDENTIFIER

  • control field: DLC

005 - DATE AND TIME OF LATEST TRANSACTION

  • control field: 20200303092425.0

008 - FIXED-LENGTH DATA ELEMENTS

  • fixed length control field: 110711n| acannaabn |a aaa c

010 ## - LIBRARY OF CONGRESS CONTROL NUMBER

  • LC control number: ns2011000294

035 ## - SYSTEM CONTROL NUMBER

  • System control number: (CaEvSKY)skya9626433

040 ## - CATALOGING SOURCE

  • Original cataloging agency: MX-SnUAN
  • Language of cataloging: spa
  • Transcribing agency: Mx-PuUPA
  • Modifying agency: MX-SlUA
  • Modifying agency: Mx-PuUPA

100 1# - HEADING--PERSONAL NAME

  • Personal name: Jaime Pérez, José Carlos,

373 ## - ASSOCIATED GROUP

  • Associated group: Departamento de Medicina Interna
  • Associated group: Centro Universitario Contra el Cáncer, Hospital Universitario
  • Associated group: Facultad de Medicina de la Universidad Autónoma de Nuevo León

374 ## - OCCUPATION

  • Occupation: Médico
  • Occupation: Profesor de hematología y medicina interna
  • Occupation: Jefe de enseñanza e investigación del servicio de hematología
  • Occupation: Investigador

375 ## - GENDER

  • Gender: hombre

377 ## - ASSOCIATED LANGUAGE

  • Language code: spa

400 1# - SEE FROM TRACING--PERSONAL NAME

  • Personal name: Pérez, José Carlos Jaime

670 ## - SOURCE DATA FOUND

  • Source citation: Aglutinación de microvesículas eritrocitarias por autoanticuerpos de pacientes con anemia hemolítica autoinmune como un evento independiente del citoesqueleto, 1991:
  • Information found: t.p. (José Carlos Jaime Pérez; Universidad Autónoma de Nuevo León; Doctor en Medicina)

670 ## - SOURCE DATA FOUND

  • Source citation: Hematología: La sangre y sus enfermedades, 2015:
  • Information found: portada (José Carlos Jaime Pérez)

670 ## - SOURCE DATA FOUND

  • Source citation: Biblioteca del congreso (EStados Unidos), 01 abril 2019:
  • Information found: catálogo electrónico
  • Uniform Resource Identifier: http://bit.ly/2VFj7Ut